LEADER 01198nam a2200277 i 4500 001 000000172800 003 CaOOAMICUS 005 20080626000000.0 008 080626s1997 it u000 u ita u 013 $a150244 020 $a88-215-3530-4 040 $aSeMil$bita 100 1 $aMcKenna, Megan.$0(OLS)http://semarc/name/64583 245 10$aAngeli :$bse non ci fossero bisognerebbe inventarli /$cMegan McKenna. 260 $aCinisello Balsamo :$bSan Paolo,$ccopyr. 1997. 300 $a203 p. ;$c22 cm. 490 0 $aDimensioni dello spirito : collana di classici del pensiero cristiano moderno ;$v38 500 $aContiene : Bibliografia. 650 4$aAngeli.$0(OLS)http://semarc/subject/5649 830 0$aDimensioni dello spirito ;$v38.$0(OLS)http://semarc/title/428593 850 $aSeMil 852 $aSeMil$W1$xVenegono$y1$m3F IV 366$j123652$B123652$CSeMilBibl$Z2$F134885 $81 961 $aOmaggio: Biblioteca Ambrosiana 996 $6020$a88-215-3530-4$9(OLS)http://semarc/number/160322 996 $6245$aAngeli :$bse non ci fossero bisognerebbe inventarli$9(OLS)http://semarc/title/247540 996 $6260$aCinisello Balsamo :$bSan Paolo$9(OLS)http://semarc/publisher/30129 LEADER 01296nam a2200301 i 4500 001 000000256760 003 CaOOAMICUS 005 20190613124249.0 008 171229s2016 it u000 u ita u 013 $a235668 020 $a978-88-10-40619-9 040 $aSeMil$bita 100 1 $aBignami, Bruno,$d<1969- >.$0(OLS)http://semarc/name/61339 245 13$aUn'arca per la società liquida :$bla moralità nel cambiamento d'epoca /$cBruno Bignami. 260 $aBologna :$bEDB,$c2016. 300 $a199 p. ;$c21 cm. 490 0 $aEtica teologica oggi 650 4$aEtica e morale.$0(OLS)http://semarc/subject/612 650 4$aEtica cristiana.$0(OLS)http://semarc/subject/620 650 4$aEtica e società - Sec. 21.$0(OLS)http://semarc/subject/47041 830 0$aEtica teologica oggi.$0(OLS)http://semarc/title/6620 850 $aSeMil 852 $aSeMil$W1$xVenegono$y1$m2MA C 61$j244643$B207106$CSeMilBibl$Z2$F220581 $81 961 $aSottoscrizione: LdS 996 $6020$a978-88-10-40619-9$9(OLS)http://semarc/number/281221 996 $6245$aUn'arca per la società liquida :$bla moralità nel cambiamento d'epoca$9(OLS)http://semarc/title/412443 996 $6260$aBologna :$bEDB$9(OLS)http://semarc/publisher/29669 LEADER 01041nam a2200217 i 4500 001 000000005786 003 CaOOAMICUS 005 20251217092832.0 008 180830s1849 it u000 u ita u 040 $aSeMil$bita 245 10$aOfficia quae sancta bergomensis ecclesia suis officiis propriis vel substituet vel addet si annuerit sanctissimus d. n. Pius papa 9. 260 $aBergomi :$bTypis Sonzoneis,$c1849. 300 $a2 v. ;$c26 cm. 650 4$aLibri liturgici - Messale romano - Propri delle Messe.$0(OLS)http://semarc/subject/59210 650 4$aBergamo (Diocesi) - Libri liturgici.$0(OLS)http://semarc/subject/903 700 1 $aDiocesi di Bergamo.$0(OLS)http://semarc/name/2410 774 0 $tPars 1.$g1$w()142815 774 0 $tPars 2.$g2$w()248652 996 $6245$aOfficia quae sancta bergomensis ecclesia suis officiis propriis vel substituet vel addet si annuerit sanctissimus d. n. Pius papa 9$9(OLS)http://semarc/title/7975 996 $6260$aBergomi :$bTypis Sonzoneis$9(OLS)http://semarc/publisher/31588 LEADER 01278nam a2200289 i 4500 001 000000066155 003 CaOOAMICUS 005 20211001102927.0 008 131213s1940 xx u000 u lat u 013 $a37327 040 $aSeMil$bita 100 1 $aLennerz, Henri .$0(OLS)http://semarc/name/30434 245 10$aDe novissimis :$bad usum auditorium /$cH. Lennerz. 250 $aEditio quarta. 264 1$aRomae :$bApud Aedes Universitatis Gregorianae,$c1940. 300 $a206 p. ;$c24 cm. 500 $aIn testa al front : Pontificia Universitas Gregoriana. 650 4$aEscatologia - Studi.$0(OLS)http://semarc/subject/5572 650 4$aNovissimi - Escatologia.$0(OLS)http://semarc/subject/1624 650 4$aTeologia - Manuali.$0(OLS)http://semarc/subject/315 850 $aSeMil 852 $aSeMil$W1$xVenegono$y1$m2N III 61$j32308$B32308$CSeMilBibl$Z2$F32311 $81 852 $aSeMil$W1$xVenegono$y1$m2N III 205$j230138$B239029$CSeMilBibl$Z2$F239029 $81 961 $aParrocchia s. Maria del Carmine (Melegnano) - Omaggio 996 $6245$aDe novissimis :$bad usum auditorium$9(OLS)http://semarc/title/105141 996 $6264$aRomae :$bApud Aedes Universitatis Gregorianae$9(OLS)http://semarc/publisher/30266